Patrons and painters; (Record no. 76945)
[ view plain ]
| 000 -LEADER | |
|---|---|
| fixed length control field | 01031cam a22003251 4500 |
| 001 - CONTROL NUMBER | |
| control field | 76945 |
| 003 - CONTROL NUMBER IDENTIFIER | |
| rucl marc code | BD-RjUL |
| 005 - DATE AND TIME OF LATEST TRANSACTION | |
| control field | 20211209082916.0 |
| 008 - FIXED-LENGTH DATA ELEMENTS--GENERAL INFORMATION | |
| fixed length control field | 200207s1963 enkcf b 001 0 eng |
| 035 ## - SYSTEM CONTROL NUMBER | |
| System control number | (BD-RjUL)77169 |
| System control number | (OCoLC)2621209 |
| 040 ## - CATALOGING SOURCE | |
| Original cataloging agency | DLC |
| Transcribing agency | OClW |
| Modifying agency | OCoLC |
| -- | Uk |
| -- | DLC |
| Language of cataloging | eng |
| 041 ## - LANGUAGE CODE | |
| Language code of text/sound track or separate title | eng |
| 042 ## - AUTHENTICATION CODE | |
| Authentication code | premarc |
| 082 ## - DEWEY DECIMAL CLASSIFICATION NUMBER | |
| Edition number | 23 |
| Classification number | 750 |
| Author mark and year | HAP 1963 |
| 100 1# - MAIN ENTRY--PERSONAL NAME | |
| Personal name | Haskell, Francis, |
| Dates associated with a name | 1928- |
| 9 (RLIN) | 239018 |
| 245 10 - TITLE STATEMENT | |
| Title | Patrons and painters; |
| Remainder of title | a study in the relations between Italian art and society in the age of the baroque / |
| Statement of responsibility, etc. | Francis Haskell |
| 260 ## - PUBLICATION, DISTRIBUTION, ETC. (IMPRINT) | |
| Place of publication, distribution, etc. | London: |
| Name of publisher, distributor, etc. | Chatto & Windus, |
| Date of publication, distribution, etc. | 1963. |
| 300 ## - PHYSICAL DESCRIPTION | |
| Pagination | xix, 454 p. : |
| Illustrations | 64 plates (incl. ports.) ; |
| Size | 26 cm. |
| 504 ## - BIBLIOGRAPHY, ETC. NOTE | |
| Bibliography, etc | Bibliography: p. [396]-421. |
| 650 #0 - SUBJECT ADDED ENTRY--TOPICAL TERM | |
| Topical term or geographic name as entry element | Art patronage. |
| 9 (RLIN) | 239019 |
| Topical term or geographic name as entry element | Art and society. |
| 9 (RLIN) | 239020 |
| Topical term or geographic name as entry element | Art, Italian. |
| 9 (RLIN) | 239021 |
| Topical term or geographic name as entry element | Art, Baroque. |
| 9 (RLIN) | 239022 |
| 906 ## - LOCAL DATA ELEMENT F, LDF (RLIN) | |
| a | 7 |
| b | cbc |
| c | oclcrpl |
| d | u |
| e | ncip |
| f | 19 |
| g | y-gencatlg |
| 942 ## - ADDED ENTRY ELEMENTS (KOHA) | |
| Source of classification or shelving scheme | Dewey Decimal Classification |
| Koha item type | Books |
| Lost status | Source of classification or shelving scheme | Damaged status | Not for loan | Collection code | Permanent Location | Current Location | Shelving location | Date acquired | Source of acquisition | Cost, normal purchase price | Total Checkouts | Full call number | Date last seen | Copy number | Koha item type |
|---|---|---|---|---|---|---|---|---|---|---|---|---|---|---|---|
| Dewey Decimal Classification | Non-fiction | Central Library, University of Rajshahi | Central Library, University of Rajshahi | 06/06/1973 | Book center | 92.40 | 750 HAP 1963 | 08/02/2020 | C-2 | Books |